01940nam a2200289 a 450000100100000000500170001000800410002704000250006808200200009310000330011324501360014626000380028230000170032050000630033765000780040065000470047870000630052595201230058895201800071195201220089195201810101395201070119495201140130195201070141595201130152299900150163500000756620210420095436.0090909s1994 dr r 000 0 spa d aDO-SdBNPbspacBNPHU a379.7293bM236p1 aMalagón, Jacqueline92099810aPalabras en acción :buna visión de la educación dominicana /cJacqueline Malagón ; prólogo Manuel A. García Arévalo. aSanto Domingo :bCorripio,c1994. av. ;c24 cm. aIncluye datos biográficos del autor en la contracubierta 4aEducaciónzRepública DominicanaxDiscursos, conferencias, etc.920999 4aEducaciónxModelos de enseñanza9210001 a García Arévalo, Manuel Antoniod1948-epról.959457 001054708PDaGRbGRcHDd2009-09-09iLF1l0ov. 1, e, 3p7566-30r2020-06-25w2020-06-25yLFPDZPréstamo en sala 001054708PDaGRbGRcHDd2009-09-10iLF1l0ov. 1, e. 4p7566-40r2020-06-25w2020-06-25yLFPDzPerteneció a la biblioteca personal de Loures Delgado.ZPréstamo en sala 001054708PDaGRbGRcHDd2019-06-13iLF1l0ov. 2, e. 3p7566-70r2020-06-25w2020-06-25yLFPDZPréstamo en sala 001054708PDaGRbGRcHDd2019-06-13iLF1l0ov. 2, e. 4p7566-80r2020-06-25w2020-06-25yLFPDzPerteneció a la biblioteca personal de Lourdes Delgado.ZPréstamo en sala 0010718PDaPDbPDcHDd2009-09-09iLF1l0ov. 1p7566-10r2020-06-25w2020-06-25yLFPDZNo se presta 0010718PDaPDbPDcHDd2009-09-09iLF1l0ov. 1, e, 2p7566-20r2020-06-25w2020-06-25yLFPDZNo se presta 0010718PDaPDbPDcHDd2009-09-10iLF1l0ov. 2p7566-50r2020-06-25w2020-06-25yLFPDZNo se presta 0010718PDaPDbPDcHDd2009-09-10iLF1l0ov. 2, e, 2p7566-60r2020-06-25w2020-06-25yLFPDZNo se presta c7347d7347